| 000 | 00400nam a22001577a 4500 | ||
|---|---|---|---|
| 003 | NUST - PNEC | ||
| 005 | 20170116181120.0 | ||
| 008 | 151004b xxu||||| |||| 00| 0 eng d | ||
| 020 | _a- | ||
| 040 | _cLIBRARY | ||
| 082 | _a671.56 AWS | ||
| 245 |
_aSoldering manual _cAWS Committee on Brazing and Soldering |
||
| 260 | _cc.1959 | ||
| 650 |
_913467 _aSolder and soldering _xIME |
||
| 942 |
_2ddc _cBK |
||
| 999 |
_c69539 _d69539 |
||